| 000 | 00000nam##2200000za#4500 |
| 001 | 9.625347 |
| 003 | CaOODSP |
| 005 | 20200421163357 |
| 007 | ta |
| 008 | 150406|2000||||xxc||||| f|0| 0 fre|d |
| 020 | |a0-662-84820-9 |
| 040 | |aCaOODSP|bfre |
| 043 | |an-cn--- |
| 086 | 1 |aNH18-23/47F |
| 110 | 2 |aSociété canadienne d'hypothèques et de logement. |
| 245 | 13|aLe rôle des partenariats publics-privés dans la production de logements abordables : |bévaluation de l'expérience des É.-U. et le leçon à tirer pour le Canada |
| 260 | |aOttawa - Ontario : |bSociété canadienne d'hypothèques et de logement |
| 300 | |a6p. ; |c28 cm. |
| 490 | 1 |aLe point en recherche. Série socio-économique|v47 |
| 563 | |aDépliant |
| 590 | |a00-23|b2000-06-09 |
| 691 | 07|aLogement|2gcpds |
| 691 | 07|aSecteur privé|2gcpds |
| 691 | 07|aSecteur public|2gcpds |
| 775 | 08|tThe role of public-private partnerships in producing affordable housing : |w(CaOODSP)9.615211 |
| 776 | 0#|tLe rôle des partenariats publics-privés dans la production de logements abordables : |w(CaOODSP)9.602143 |
| 830 | #0|aLe point en recherche. Série socio-économique ;|v47|w(CaOODSP)9.513180 |
| 986 | |aLNH 2267 |